Vyhodnocovanie rizík finančných nástrojov bánk podľa požiadaviek BASEL III a IFRS 9 diplomová práca

Na minha lista:
Detalhes bibliográficos
Autor principal: Svíba, Samuel
Autor Corporativo: Národohospodárska fakulta EU. Katedra bankovníctva a medzinárodných financií
Outros Autores: Schwarzová, Mária
Formato: Livro
Idioma:eslovaco
Publicado em: Bratislava 2018
Tags: Adicionar Tag
Sem tags, seja o primeiro a adicionar uma tag!

MARC

LEADER 00000nbm a2200000 4500
001 0244326
005 20181127082253.6
041 0 |a slo 
044 |a SK 
245 1 0 |a Vyhodnocovanie rizík finančných nástrojov bánk podľa požiadaviek BASEL III a IFRS 9  |b diplomová práca  |c Samuel Svíba ; školiteľ: Mária Schwarzová 
264 1 |a Bratislava  |c 2018 
300 |a 60 s. 
100 1 |a Svíba, Samuel 
700 1 |a Schwarzová, Mária 
710 2 |a Národohospodárska fakulta EU. Katedra bankovníctva a medzinárodných financií